000 00319nam a22001217a 4500
082 _a954.91
_bBUR
100 _aBurki, Shahid Javed
245 _aPakistan:
_ba nation in the making /
_cShahid Javed Burki
260 _aLondon :
_bWestview Press,
_c1986.
300 _a226 p. ;
_c24 cm.
563 _aHB.
942 _2ddc
_cBK
999 _c616258
_d616258